<?xml version="1.0" encoding="UTF-8"?>
<record
    xmlns:xsi="http://www.w3.org/2001/XMLSchema-instance"
    xsi:schemaLocation="http://www.loc.gov/MARC21/slim http://www.loc.gov/standards/marcxml/schema/MARC21slim.xsd"
    xmlns="http://www.loc.gov/MARC21/slim">

  <leader>00649naa a2200193 a 4500</leader>
  <controlfield tag="001">81135</controlfield>
  <controlfield tag="003">BD-RjUL</controlfield>
  <controlfield tag="005">20230129121159.0</controlfield>
  <controlfield tag="008">230129s1954    u  ||||| |||| 00| 0 ara d</controlfield>
  <datafield tag="035" ind1=" " ind2=" ">
    <subfield code="a">(BD-RjUL)81135</subfield>
  </datafield>
  <datafield tag="040" ind1=" " ind2=" ">
    <subfield code="a">BD-RjUL</subfield>
    <subfield code="b">eng</subfield>
    <subfield code="c">BD-RjUL</subfield>
  </datafield>
  <datafield tag="041" ind1=" " ind2=" ">
    <subfield code="a">ara</subfield>
  </datafield>
  <datafield tag="082" ind1=" " ind2=" ">
    <subfield code="2">23</subfield>
    <subfield code="a">297.01</subfield>
    <subfield code="b">GHK 1954</subfield>
  </datafield>
  <datafield tag="245" ind1=" " ind2=" ">
    <subfield code="a"> &#x643;&#x64A;&#x641; &#x627;&#x639;&#x631;&#x62F;&#x646;&#x627; &#x627;&#x644;&#x646;&#x641;&#x648;&#x633; &#x644;&#x644;&#x62B;&#x648;&#x631;&#x629; &#x635;&#x648;&#x631; &#x645;&#x646; &#x645;&#x641;&#x627;&#x633; &#x627;&#x644;&#x639;&#x647;&#x62F; &#x627;&#x644;&#x628;&#x627;&#x626;&#x631;     kayf aeradna alnufus lilthawrat suar min mufas aleahd albayir /</subfield>
    <subfield code="c">Mohamed Ghorab   &#x645;&#x62D;&#x645;&#x62F; &#x63A;&#x631;&#x627;&#x628;</subfield>
  </datafield>
  <datafield tag="260" ind1=" " ind2=" ">
    <subfield code="a">Misr :</subfield>
    <subfield code="b">Matbat alshabkishy, </subfield>
    <subfield code="c">1954</subfield>
  </datafield>
  <datafield tag="300" ind1=" " ind2=" ">
    <subfield code="a">223 p. ;</subfield>
    <subfield code="c">22 cm</subfield>
  </datafield>
  <datafield tag="650" ind1=" " ind2=" ">
    <subfield code="a"> Islam</subfield>
    <subfield code="9">6731</subfield>
  </datafield>
  <datafield tag="942" ind1=" " ind2=" ">
    <subfield code="2">ddc</subfield>
    <subfield code="c">BK</subfield>
  </datafield>
  <datafield tag="999" ind1=" " ind2=" ">
    <subfield code="c">81135</subfield>
    <subfield code="d">81135</subfield>
  </datafield>
  <datafield tag="952" ind1=" " ind2=" ">
    <subfield code="0">0</subfield>
    <subfield code="1">0</subfield>
    <subfield code="2">ddc</subfield>
    <subfield code="4">0</subfield>
    <subfield code="7">1</subfield>
    <subfield code="8">NFIC</subfield>
    <subfield code="a">RUCL</subfield>
    <subfield code="b">RUCL</subfield>
    <subfield code="c">Reading</subfield>
    <subfield code="d">2023-01-29</subfield>
    <subfield code="l">0</subfield>
    <subfield code="o">297.01 GHK 1954</subfield>
    <subfield code="r">2023-01-29 00:00:00</subfield>
    <subfield code="t">C-1</subfield>
    <subfield code="w">2023-01-29</subfield>
    <subfield code="y">BK</subfield>
  </datafield>
</record>
